| 000 | 00447nam a22001817a 4500 | ||
|---|---|---|---|
| 003 | MPLRDC | ||
| 005 | 20220104194844.0 | ||
| 008 | 210129b ||||| |||| 00| 0 eng d | ||
| 020 | _a978-986-301-556-7 | ||
| 082 | _a494.35 MK | ||
| 100 | _a马克 | ||
| 245 |
_a职场这么活 _c |
||
| 250 | _a初版 | ||
| 260 |
_a台湾 _b大众国际书局股份有限公司 _c2015 |
||
| 300 | _b平 | ||
| 650 | _a职场成功法 | ||
| 942 |
_cBK _o494.35 MK |
||
| 999 |
_c65896 _d65886 |
||